| 000 | 00656nam a2200229Ia 4500 | ||
|---|---|---|---|
| 003 | OSt | ||
| 005 | 20221005085356.0 | ||
| 006 | a|||||r|||| 00| 0 | ||
| 007 | ta | ||
| 008 | 221004b |||||||| |||| 00| 0 eng d | ||
| 024 | _a121795 | ||
| 037 |
_bGift, 06/10/2012, _cTextual |
||
| 040 |
_aCRL _cCRL _beng |
||
| 041 |
_2eng _aeng |
||
| 082 | _aU8:2MA:N5, J3 | ||
| 100 | _aHerzog Maurice | ||
| 245 | 0 |
_aAnnapurna _b First conquest of an 8000-meter peak |
|
| 260 |
_aNew York _bE.P. Dutton & Co U.S.A _c1953 |
||
| 300 |
_a316p. _ccm. |
||
| 942 |
_hU8:2MA:N5, J3 _cTEXL _2cc |
||
| 999 |
_c994131 _d994131 |
||